000 00551nam a22002177a 4500
003 UA-OsUOA
001 74520
007 ta
008 20110411b un ||||| |||| 00| 0 ukr d
100 _aДриккер А.С.
090 _a101
_bД74
942 _cSA
040 _aUA-OsUOA
_brus
_cUA-OsUOA
_dUA-OsUOA
245 _aАвангард в его исторической ретроспективе
300 _aС.54-70
955 _a0
041 _arus
080 _a101
773 0 _w74516
650 7 _a1 Філософські науки
_2UDC
999 _c360811
_d360811